000 00414cam a22001814a 4500
005 20250605163445.0
008 250528s ||||||||||||||||||||||||d
035 _a19619
020 _a9602261560
040 _aGR-AtMCL
_bgre
_dGR-AtMCL
_eAACR2
245 1 _aMODERN ENGLISH GRAMMAR 4
250 _aRevised
260 _bGrivas,
_c1994
300 _a165
942 _cBK
999 _c4875
_d4875